Set it Off Songs without Vowels #1 - Statistics

General Stats
  • This quiz has been taken 56 times
  • The average score is 6 of 10
Answer Stats
Hint Answer % Correct
KLLTHLGHTS Kill the Lights
93%
KLLRNTHMRRR Killer In The Mirror
89%
PLSTCPRMSS Plastic Promises
87%
DNGRS Dangerous
82%
FRVRSTCKNRTH Forever Stuck in Our Youth
62%
NPNDWNDWS Unopened Windows
58%
DSTNCDSTRBSM Distance Disturbs Me
56%
WHD Why Do I
47%
NCNTNBL Uncontainable
31%
NDNTRGD End In Tragedy
27%
No matching quizzes found
Score Distribution
Percent of People with Each Score
Percentile by Number Answered
Your Score History
You have not taken this quiz